Εκδήλωση στο Ε.Β.Ε.Α.: Οι Ελεύθεροι Επαγγελματίες στην Ηλεκτρονική Πλατφόρμα Εξωδικαστικού Μηχανισμού Ρύθμίσης Οφειλών / Η Ιδιότυπη Ανοχή στους Βανδαλισμούς Καταστημάτων Πρέπει να Τελειώσει! (Record no. 8992)
[ view plain ]
| 000 -LEADER | |
|---|---|
| fixed length control field | 01768cam a22001814a 4500 |
| 005 - ΗΜΕΡΟΜΗΝΙΑ ΚΑΙ ΩΡΑ ΤΕΛΕΥΤΑΙΑΣ ΕΝΗΜΕΡΩΣΗΣ | |
| Πεδίο ελέγχου | 20250605164349.0 |
| 008 - FIXED-LENGTH DATA ELEMENTS--GENERAL INFORMATION | |
| Πεδίο ελέγχου σταθερού μήκους | 250528s ||||||||||||||||||||||||d |
| 035 ## - SYSTEM CONTROL NUMBER | |
| System control number | 24093 |
| 040 ## - ΠΗΓΗ ΚΑΤΑΛΟΓΟΓΡΑΦΗΣΗΣ | |
| Φορέας πρωτότυπης καταλογογράφησης | MC Athens Campus Library |
| Γλώσσα καταλογογράφησης | Ελληνικά, Μοντέρνα (1453-) |
| Modifying agency | MC Athens Campus Library |
| Κανόνες περιγραφικής καταλογογράφησης | AACR2 |
| 245 1# - ΤΙΤΛΟΣ ΚΑΙ ΔΗΛΩΣΗ ΥΠΕΥΘΥΝΟΤΗΤΑΣ | |
| Τίτλος | Εκδήλωση στο Ε.Β.Ε.Α.: Οι Ελεύθεροι Επαγγελματίες στην Ηλεκτρονική Πλατφόρμα Εξωδικαστικού Μηχανισμού Ρύθμίσης Οφειλών / Η Ιδιότυπη Ανοχή στους Βανδαλισμούς Καταστημάτων Πρέπει να Τελειώσει! |
| 260 ## - PUBLICATION, DISTRIBUTION, ETC. | |
| Name of publisher, distributor, etc. | Εμπορικό Και Βιομηχανικό Επιμελητήριο Αθηνών, |
| Date of publication, distribution, etc. | 2018 |
| 300 ## - PHYSICAL DESCRIPTION | |
| Extent | 64 |
| 520 ## - SUMMARY, ETC. | |
| Summary, etc. | Οι Ελεύθεροι Επαγγελματίες στην Ηλεκτρονική Πλατφόρμα Εξωδικαστικού Μηχανισμού Ρύθμισης Οφειλών, Ευκαιρίες για Επιχειρήσεις και Επαγγελματίες στη Νιγηρία και τη Μεγαλύτερη Οικονομία της Αφρικής, Επιτυχημένη Διαδοχή στην Οικογενειακή Επιχείρηση, Η Παρούσα Συγκυρία για την Ελλάδα είναι Καθοριστική, Αισιοδοξία ότι το 2018 θα είναι Επιτυχημένη Χρονιά για τις Εξαγωγές, Οι Αλλαγές στη Μεθοδολογία Υπολογισμού των Χρεώσεων του Ρεύματος, Κρίσιμα Έργα Σημαντικής Αξίας Αναμένεται να Τρέξουν μέσα στο 2018. |
| 700 1# - ΠΡΟΣΘΕΤΗ ΑΝΑΓΡΑΦΗ--ΦΥΣΙΚΟ ΠΡΟΣΩΠΟ | |
| Personal name | Μίχαλος Κωνσταντίνος |
| 9 (RLIN) | 4319 |
| 942 ## - ADDED ENTRY ELEMENTS (KOHA) | |
| Koha item type | Περιοδικά Δημοσιεύματα |
| Τύπος τεκμηρίου | Βιβλιοθήκη | Τρέχουσα τοποθεσία | Barcode | Ημερομηνία απόκτησης | Ταξιθετικό σύμβολο | Αριθμός αντιτύπου | Αρίθμηση σειρών / χρονολογία | Κατάσταση απόσυρσης | Κατάσταση χαμένου | Κατάσταση κατεστραμμένου | Μη δανεισμός | Σύνολο δανεισμών | Ημερομηνία τελευταίας εμφάνισης | Η τιμή ισχύει από |
|---|---|---|---|---|---|---|---|---|---|---|---|---|---|---|
| Περιοδικά Δημοσιεύματα | MC Athens Campus Library | MC Athens Campus Library | 9780000089915 | 05/06/2025 | ΑΝΑΠΤΥΞΗ | 1 | 3 | 05/06/2025 | 05/06/2025 |